| 000 | 00857cam a2200301 i 4500 | ||
|---|---|---|---|
| 001 | 768714001 | ||
| 003 | CO-MdFUSB | ||
| 005 | 20230530104542.0 | ||
| 007 | ta | ||
| 008 | 211112t2004 sp ||||| |||| 00| | spa d | ||
| 020 | _a84-7239-838-2 | ||
| 040 |
_bspa. _aCO-MdFUSB _cCO-MdFUSB _dCO-MdFUSBC _erda |
||
| 041 | _aspa | ||
| 082 | 0 | 4 |
_223 _aR 230.03 _bB7421d |
| 100 | 1 |
_aBosch, Juan (1909-) _eautor |
|
| 245 | 1 | 0 |
_aDiccionario de teólogos/as contemporáneos _c / Juan Bosch Navarro |
| 264 | 1 |
_aBurgos, España : _bMonte Carmelo, _c[2004] |
|
| 264 | 4 | _c© 2004 | |
| 300 |
_a1014 páginas _c; 24 cm |
||
| 336 |
_2rdacontent _atexto _btxt |
||
| 337 |
_2rdamedia _asin mediación _bn |
||
| 338 |
_2rdacarrier _avolumen _bnc |
||
| 563 | _aTapa dura | ||
| 653 | _aDiccionario | ||
| 653 | _aTeólogos Contemporáneos | ||
| 942 | _cREF | ||
| 945 | _aMag 1104 | ||
| 999 |
_c31779 _d31779 |
||